Rediseño del sistema de abastecimiento de agua y sistema de saneamiento para la comunidad de casas viejas, municipio de Ciudad Darío, departamento de Matagalpa

El proyecto tiene como objetivo rediseñar el sistema de abastecimiento de agua potable y generar un sistema de tratamiento de aguas residuales en la comunidad de casas viejas (Ciudad Darío), que permita mejorar la calidad de vida de los habitantes, y el desarrollo socio-económico. Para esto se re...

Full description

Bibliographic Details
Main Authors: Reyes Navarro, María Marcela, Silva Centeno, Roberto Francisco., Vallejos Vallejos, Verónica del Socorro
Other Authors: Tutor: Hernández Duran, Noé Salatiel
Format: Tesis Section = Libro
Language:Undetermined
Spanish
Published: Managua UNI 2020
Subjects:
LEADER 01510nam a2200277Ia 4500
008 240830s9999 xx 000 0 und d
040 |a BIBLIOTECA-RUPAP Mon 628.72 R457 
041 |a spa 
082 |a Mon 628.72 R457 
100 1 |a Reyes Navarro, María Marcela 
100 1 |b Silva Centeno, Roberto Francisco. 
100 1 |c Vallejos Vallejos, Verónica del Socorro 
245 1 0 |a Rediseño del sistema de abastecimiento de agua y sistema de saneamiento para la comunidad de casas viejas, municipio de Ciudad Darío, departamento de Matagalpa 
260 |a Managua  |b UNI  |c 2020 
300 |a 107 p. :il. 
500 |a Contiene: anexos y CD. 
502 |a Tesis (Ingeniero Civil)- UNI, 2020. 
520 3 |a El proyecto tiene como objetivo rediseñar el sistema de abastecimiento de agua potable y generar un sistema de tratamiento de aguas residuales en la comunidad de casas viejas (Ciudad Darío), que permita mejorar la calidad de vida de los habitantes, y el desarrollo socio-económico. Para esto se realizó estudios socioeconómicos de la población, pruebas de bombeo, se verifico la calidad, cantidad y continuidad de la fuente de abastecimiento, se desarrolló una evaluación del impacto ambiental, se estimaron los costos del presupuesto del proyecto. 
650 7 |a AGUA-ABASTECIMIENTO 
650 7 |b AGUA POTABLE 
650 7 |c SANEAMIENTO-SISTEMA 
650 7 |d CALIDAD DEL AGUA 
700 1 |a Tutor:  |b Hernández Duran, Noé Salatiel 
942 |c BK  |2 ddc 
991 |a TESIS 
999 |c 16570